MARC details
| 000 -LEADER |
| fixed length control field |
03709cgm a2200757Ka 4500 |
| 001 - CONTROL NUMBER |
| control field |
ocn905588225 |
| 003 - CONTROL NUMBER IDENTIFIER |
| control field |
OCoLC |
| 005 - DATE AND TIME OF LATEST TRANSACTION |
| control field |
20200320194207.0 |
| 007 - PHYSICAL DESCRIPTION FIXED FIELD--GENERAL INFORMATION |
| fixed length control field |
vd cvaizk |
| 008 - FIXED-LENGTH DATA ELEMENTS--GENERAL INFORMATION |
| fixed length control field |
150312s2015 xxu091 e vleng d |
| 020 ## - INTERNATIONAL STANDARD BOOK NUMBER |
| Terms of availability |
15.95 |
| 024 1# - OTHER STANDARD IDENTIFIER |
| Standard number or code |
025192237799 |
| 028 42 - PUBLISHER NUMBER |
| Publisher number |
11272213 |
| 035 ## - SYSTEM CONTROL NUMBER |
| System control number |
(OCoLC)905588225 |
| 040 ## - CATALOGING SOURCE |
| Original cataloging agency |
OH9WF |
| Language of cataloging |
eng |
| Transcribing agency |
OH9WF |
| Modifying agency |
DVACP |
| -- |
HQD |
| -- |
OCLCF |
| -- |
OCLCO |
| -- |
WACOL |
| 041 1# - LANGUAGE CODE |
| Language code of text/sound track or separate title |
eng |
| -- |
fre |
| -- |
spa |
| -- |
eng |
| -- |
fre |
| -- |
spa |
| Language code of original and/or intermediate translations of text |
eng |
| 049 ## - LOCAL HOLDINGS (OCLC) |
| Holding library |
WACL |
| 050 #4 - LIBRARY OF CONGRESS CALL NUMBER |
| Classification number |
PN1997.2 |
| Item number |
.B69 2015 |
| 082 04 - DEWEY DECIMAL CLASSIFICATION NUMBER |
| Classification number |
791.43/72 |
| Edition number |
23 |
| 092 ## - LOCALLY ASSIGNED DEWEY CALL NUMBER (OCLC) |
| Classification number |
DVD |
| Item number |
Boy |
| 245 04 - TITLE STATEMENT |
| Title |
The boy next door |
| Medium |
[videorecording] / |
| Statement of responsibility, etc |
producers, Jennifer Lopez ... [et al.] ; writer, Barbara Curry ; director, Rob Cohen. |
| 250 ## - EDITION STATEMENT |
| Edition statement |
Widescreen ed. |
| 260 ## - PUBLICATION, DISTRIBUTION, ETC. (IMPRINT) |
| Place of publication, distribution, etc |
[United States] : |
| Name of publisher, distributor, etc |
Universal Studios, |
| Date of publication, distribution, etc |
2015. |
| 300 ## - PHYSICAL DESCRIPTION |
| Extent |
1 videodisc (ca. 91 min.) : |
| Other physical details |
sd., col. ; |
| Dimensions |
4 3/4 in. |
| 538 ## - SYSTEM DETAILS NOTE |
| System details note |
DVD, NTSC, region 1, widescreen (2.40:1) presentation; Dolby digital 2.0 stereo, Dolby digital 5.1. |
| 546 ## - LANGUAGE NOTE |
| Language note |
English, Spanish or French dialogue; Spanish or French subtitles; English subtitled for the deaf and hard of hearing. |
| 500 ## - GENERAL NOTE |
| General note |
Title from web page. |
| 511 1# - PARTICIPANT OR PERFORMER NOTE |
| Participant or performer note |
Jennifer Lopez, Ryan Guzman, Kristin Chenoweth, Bailey Chase, John Corbett, Ian Nelson. |
| 521 8# - TARGET AUDIENCE NOTE |
| Target audience note |
MPAA rating: R; for violence, sexual content/nudity and language ; CHV rating: 14A. |
| 520 ## - SUMMARY, ETC. |
| Summary, etc |
Jennifer Lopez stars as Claire Peterson, a high school literature teacher struggling to get back in the dating game after separating from her cheating husband. When handsome and charismatic nineteen year old Noah moves in next door, Claire has a moment of weakness that leads to an extremely intense and intimate night together. Noah's attraction quickly turns into a dangerous, violent obsession, forcing Claire to her limits as she protects her world from being torn apart. |
| 500 ## - GENERAL NOTE |
| General note |
Special features: The making of The boy next door; deleted scenes; feature commentary with director Rob Cohen. |
| 500 ## - GENERAL NOTE |
| General note |
"...inspired..."--AV Club. |
| 520 1# - SUMMARY, ETC. |
| Summary, etc |
"...An undeniable sense of silly fun..."--USA Today. |
| 508 ## - CREATION/PRODUCTION CREDITS NOTE |
| Creation/production credits note |
Director, Rob Cohen. |
| 650 #0 - SUBJECT ADDED ENTRY--TOPICAL TERM |
| Topical term or geographic name as entry element |
Neighbors |
| Form subdivision |
Drama. |
| 9 (RLIN) |
5692604 |
| 650 #0 - SUBJECT ADDED ENTRY--TOPICAL TERM |
| Topical term or geographic name as entry element |
Teachers |
| Form subdivision |
Drama. |
| 9 (RLIN) |
5690721 |
| 650 #0 - SUBJECT ADDED ENTRY--TOPICAL TERM |
| Topical term or geographic name as entry element |
Young men |
| Form subdivision |
Drama. |
| 9 (RLIN) |
5723059 |
| 650 #0 - SUBJECT ADDED ENTRY--TOPICAL TERM |
| Topical term or geographic name as entry element |
Violence |
| Form subdivision |
Drama. |
| 9 (RLIN) |
5719791 |
| 650 #4 - SUBJECT ADDED ENTRY--TOPICAL TERM |
| Topical term or geographic name as entry element |
Drama. |
| 9 (RLIN) |
5901244 |
| 650 #4 - SUBJECT ADDED ENTRY--TOPICAL TERM |
| Topical term or geographic name as entry element |
Suspense / Thriller. |
| 9 (RLIN) |
5901245 |
| 650 #7 - SUBJECT ADDED ENTRY--TOPICAL TERM |
| Topical term or geographic name as entry element |
Neighbors. |
| Source of heading or term |
fast |
| -- |
(OCoLC)fst01200293 |
| 9 (RLIN) |
5901246 |
| 650 #7 - SUBJECT ADDED ENTRY--TOPICAL TERM |
| Topical term or geographic name as entry element |
Teachers. |
| Source of heading or term |
fast |
| -- |
(OCoLC)fst01144248 |
| 9 (RLIN) |
5901247 |
| 650 #7 - SUBJECT ADDED ENTRY--TOPICAL TERM |
| Topical term or geographic name as entry element |
Violence. |
| Source of heading or term |
fast |
| -- |
(OCoLC)fst01167224 |
| 9 (RLIN) |
5901248 |
| 650 #7 - SUBJECT ADDED ENTRY--TOPICAL TERM |
| Topical term or geographic name as entry element |
Young men. |
| Source of heading or term |
fast |
| -- |
(OCoLC)fst01183263 |
| 9 (RLIN) |
5901249 |
| 655 #7 - INDEX TERM--GENRE/FORM |
| Genre/form data or focus term |
Feature films. |
| Source of term |
lcgft |
| 9 (RLIN) |
5901250 |
| 655 #7 - INDEX TERM--GENRE/FORM |
| Genre/form data or focus term |
Thrillers (Motion pictures) |
| Source of term |
lcgft |
| 9 (RLIN) |
5901251 |
| 655 #7 - INDEX TERM--GENRE/FORM |
| Genre/form data or focus term |
Video recordings for the hearing impaired. |
| Source of term |
lcgft |
| 9 (RLIN) |
5901252 |
| 655 #4 - INDEX TERM--GENRE/FORM |
| Genre/form data or focus term |
Suspense. |
| 9 (RLIN) |
5696217 |
| 655 #7 - INDEX TERM--GENRE/FORM |
| Genre/form data or focus term |
Drama. |
| Source of term |
fast |
| -- |
(OCoLC)fst01423879 |
| 9 (RLIN) |
5673873 |
| 655 #7 - INDEX TERM--GENRE/FORM |
| Genre/form data or focus term |
Feature films. |
| Source of term |
fast |
| -- |
(OCoLC)fst01710384 |
| 9 (RLIN) |
5901250 |
| 655 #7 - INDEX TERM--GENRE/FORM |
| Genre/form data or focus term |
Thrillers (Motion pictures) |
| Source of term |
fast |
| -- |
(OCoLC)fst01726193 |
| 9 (RLIN) |
5901251 |
| 655 #7 - INDEX TERM--GENRE/FORM |
| Genre/form data or focus term |
Video recordings for the hearing impaired. |
| Source of term |
fast |
| -- |
(OCoLC)fst01710450 |
| 9 (RLIN) |
5901252 |
| 700 1# - ADDED ENTRY--PERSONAL NAME |
| Personal name |
Curry, Barbara. |
| 9 (RLIN) |
5901253 |
| 700 1# - ADDED ENTRY--PERSONAL NAME |
| Personal name |
Cohen, Rob, |
| Dates associated with a name |
1949- |
| 9 (RLIN) |
62839 |
| 700 1# - ADDED ENTRY--PERSONAL NAME |
| Personal name |
Lopez, Jennifer, |
| Dates associated with a name |
1970- |
| 9 (RLIN) |
63032 |
| 700 1# - ADDED ENTRY--PERSONAL NAME |
| Personal name |
Guzman, Ryan, |
| Dates associated with a name |
1987- |
| 9 (RLIN) |
5766656 |
| 700 1# - ADDED ENTRY--PERSONAL NAME |
| Personal name |
Chenoweth, Kristin. |
| 9 (RLIN) |
66068 |
| 700 1# - ADDED ENTRY--PERSONAL NAME |
| Personal name |
Chase, Bailey, |
| Dates associated with a name |
1972- |
| 9 (RLIN) |
5901254 |
| 700 1# - ADDED ENTRY--PERSONAL NAME |
| Personal name |
Corbett, John, |
| Dates associated with a name |
1961- |
| 9 (RLIN) |
58549 |
| 700 1# - ADDED ENTRY--PERSONAL NAME |
| Personal name |
Nelson, Ian. |
| 9 (RLIN) |
5901255 |
| 710 2# - ADDED ENTRY--CORPORATE NAME |
| Corporate name or jurisdiction name as entry element |
Universal Pictures (Firm) |
| 9 (RLIN) |
19584 |
| 942 ## - ADDED ENTRY ELEMENTS (KOHA) |
| Koha item type |
DVD |
| 948 ## - LOCAL PROCESSING INFORMATION (OCLC); SERIES PART DESIGNATOR (RLIN) |
| Series part designator, SPT (RLIN) |
08/24/2015 |
| z (OCLC) |
Sirsi |
| 994 ## - |
| -- |
C0 |
| -- |
WACOL |
| 996 ## - |
| -- |
121958 |
| -- |
34301001438847 |
| -- |
DVD |
| -- |
DVD |
| -- |
wcl |
| -- |
i |
| -- |
27 |
| -- |
15.95 |
| -- |
amazon |
| -- |
Boy |
| -- |
08/24/2015 |
| -- |
01/22/2020 |
| -- |
01/17/2020 |